<?xml version="1.0" encoding="UTF-8"?>
<collection xmlns="http://www.loc.gov/MARC21/slim">
 <record>
  <leader>01517nam a2200301 a 4500</leader>
  <controlfield tag="001">23999	</controlfield>
  <controlfield tag="003">BD-DhAAL</controlfield>
  <controlfield tag="008">111218s2011    bg a     b    001 0 eng d</controlfield>
  <datafield tag="999" ind1=" " ind2=" ">
   <subfield code="c">11629</subfield>
   <subfield code="d">11629</subfield>
  </datafield>
  <datafield tag="010" ind1=" " ind2=" ">
   <subfield code="a">  2011321409</subfield>
  </datafield>
  <datafield tag="020" ind1=" " ind2=" ">
   <subfield code="a">9789845060202</subfield>
  </datafield>
  <datafield tag="040" ind1=" " ind2=" ">
   <subfield code="a">DLC</subfield>
   <subfield code="c">DLC</subfield>
   <subfield code="d">DLC</subfield>
   <subfield code="d">BD-DhAAL</subfield>
  </datafield>
  <datafield tag="082" ind1="0" ind2="0">
   <subfield code="a">331.31095492</subfield>
   <subfield code="2">22</subfield>
  </datafield>
  <datafield tag="245" ind1="0" ind2="0">
   <subfield code="a">Working boys and girls at risk :</subfield>
   <subfield code="b">child labour in urban Bangladesh /</subfield>
   <subfield code="c">edited by G.K. Lieten.</subfield>
  </datafield>
  <datafield tag="260" ind1=" " ind2=" ">
   <subfield code="a">Dhaka :</subfield>
   <subfield code="b">University Press Limited,</subfield>
   <subfield code="c">2011.</subfield>
  </datafield>
  <datafield tag="300" ind1=" " ind2=" ">
   <subfield code="a">xii, 168 pages :</subfield>
   <subfield code="b">illustrations ;</subfield>
   <subfield code="c">22 cm.</subfield>
  </datafield>
  <datafield tag="504" ind1=" " ind2=" ">
   <subfield code="a">Includes bibliographical references (pages [159]-165) and index.</subfield>
  </datafield>
  <datafield tag="526" ind1=" " ind2=" ">
   <subfield code="a">GenEd</subfield>
  </datafield>
  <datafield tag="541" ind1="1" ind2=" ">
   <subfield code="a">Book Finder International</subfield>
   <subfield code="e">23999, 39486</subfield>
  </datafield>
  <datafield tag="650" ind1=" " ind2="0">
   <subfield code="a">Child labor</subfield>
   <subfield code="z">Bangladesh.</subfield>
   <subfield code="9">51141</subfield>
  </datafield>
  <datafield tag="650" ind1=" " ind2="0">
   <subfield code="a">Child abuse</subfield>
   <subfield code="z">Bangladesh.</subfield>
   <subfield code="9">51142</subfield>
  </datafield>
  <datafield tag="650" ind1=" " ind2="0">
   <subfield code="a">Economics.</subfield>
   <subfield code="9">51143</subfield>
  </datafield>
  <datafield tag="700" ind1="1" ind2=" ">
   <subfield code="a">Lieten, Georges Kristoffel,</subfield>
   <subfield code="d">1946-</subfield>
   <subfield code="9">51144</subfield>
  </datafield>
  <datafield tag="852" ind1="1" ind2=" ">
   <subfield code="a">Ayesha Abed Library</subfield>
   <subfield code="c">General Stacks</subfield>
  </datafield>
  <datafield tag="942" ind1=" " ind2=" ">
   <subfield code="2">ddc</subfield>
   <subfield code="c">BK</subfield>
  </datafield>
  <datafield tag="952" ind1=" " ind2=" ">
   <subfield code="0">0</subfield>
   <subfield code="1">0</subfield>
   <subfield code="2">ddc</subfield>
   <subfield code="4">0</subfield>
   <subfield code="6">331_310954920000000_WOR</subfield>
   <subfield code="7">0</subfield>
   <subfield code="9">18919</subfield>
   <subfield code="a">IGS</subfield>
   <subfield code="b">IGS</subfield>
   <subfield code="c">GEN</subfield>
   <subfield code="d">2011-12-18</subfield>
   <subfield code="e">The University Press</subfield>
   <subfield code="g">600.00</subfield>
   <subfield code="l">1</subfield>
   <subfield code="m">3</subfield>
   <subfield code="o">331.31095492 WOR</subfield>
   <subfield code="p">3010023999</subfield>
   <subfield code="r">2016-07-13</subfield>
   <subfield code="s">2012-12-31</subfield>
   <subfield code="t">1</subfield>
   <subfield code="w">2011-12-18</subfield>
   <subfield code="y">BK</subfield>
  </datafield>
  <datafield tag="952" ind1=" " ind2=" ">
   <subfield code="0">0</subfield>
   <subfield code="1">0</subfield>
   <subfield code="2">ddc</subfield>
   <subfield code="4">0</subfield>
   <subfield code="6">331_310954920000000_WOR</subfield>
   <subfield code="7">0</subfield>
   <subfield code="9">24167</subfield>
   <subfield code="a">IGS</subfield>
   <subfield code="b">IGS</subfield>
   <subfield code="c">GEN</subfield>
   <subfield code="d">2014-04-21</subfield>
   <subfield code="e">The University Press Limited</subfield>
   <subfield code="g">660.00</subfield>
   <subfield code="l">0</subfield>
   <subfield code="o">331.31095492 WOR</subfield>
   <subfield code="p">3010027998</subfield>
   <subfield code="r">2014-04-21</subfield>
   <subfield code="t">2</subfield>
   <subfield code="w">2014-04-21</subfield>
   <subfield code="y">BK</subfield>
  </datafield>
  <datafield tag="952" ind1=" " ind2=" ">
   <subfield code="0">0</subfield>
   <subfield code="1">0</subfield>
   <subfield code="2">ddc</subfield>
   <subfield code="4">0</subfield>
   <subfield code="6">331_310954920000000_WOR</subfield>
   <subfield code="7">0</subfield>
   <subfield code="9">71537</subfield>
   <subfield code="a">SCL</subfield>
   <subfield code="b">SCL</subfield>
   <subfield code="c">GEN</subfield>
   <subfield code="d">2022-08-03</subfield>
   <subfield code="e">Book Finder International</subfield>
   <subfield code="g">530.93</subfield>
   <subfield code="l">0</subfield>
   <subfield code="o">331.31095492 WOR</subfield>
   <subfield code="p">3020039486</subfield>
   <subfield code="r">2022-08-03</subfield>
   <subfield code="t">3</subfield>
   <subfield code="v">0.00</subfield>
   <subfield code="w">2022-08-03</subfield>
   <subfield code="y">BK</subfield>
  </datafield>
 </record>
</collection>
